000
00288nam a2200133Ia 4500
008
221030s9999 xx 000 0 und d
082
_a
105.23
_b
MBA
245
0
_a
Consumer Behavior
_b
CD
260
_c
2004
650
_a
Book
700
_a
K. A. Coney
700
_a
R. J. Best
942
_c
CD
999
_c
4428
_d
4428